• 首页
  • 本馆介绍
  • 公告通知
  • 最新文献
  • 馆藏检索
  • 电子资源
  • 读者导购
  • 参考咨询
  • 我的图书馆
  • 登录
  • 详细信息显示
  • 放入我的书架
  • 预约/预借图书
  • 作者相关作品
  • 分类相关作品
  • 丛书相关作品
  • 出版社相关作品

书目信息

  • 表格格式
  • 工作单格式
  • 卡片格式
题名:
医用高等数学
    
 
作者: 安国斌 著
分册:  
出版信息: 石家庄   河北科学技术出版社  
页数: 299页
开本: 26cm
丛书名:
单 册:
中图分类: R311
科图分类:
主题词: 医药学:基础科学 , 医学人类学
电子资源:
ISBN: 7-5375-2822-5
000 00638nam0 2200229 450
001 0629483041
005 20070727100412.32
010    @a7-5375-2822-5@dCNY25.00
100    @a20060929d2003 km y0chiy0120 ea
101 0  @achi
102    @aCN@b130000
102    @aCN@b130000
200 1  @a医用高等数学@Ayi yong gao deng shu xue@f安国斌 著@Fan guo bin zhu
210    @a石家庄@c河北科学技术出版社
210    @a石家庄@c河北科学技术出版社@d2003
215    @a299页@d26cm
606 0  @a医药学:基础科学
606 0  @a医学人类学
690    @aR311@v3
701  0 @a安国斌@Aan guo bin@4著
801  0 @aCN@bPFT@c20070727
905    @a10447@dR311@e112
    
    医用高等数学/安国斌 著.-石家庄:河北科学技术出版社.-石家庄:河北科学技术出版社,2003
    299页;26cm
    
    
    ISBN 7-5375-2822-5:CNY25.00
    
●
相关链接 在E读中查询图书 在五车中查询图书 在当当中查询图书 在豆瓣中查询图书


正题名:医用高等数学     索取号:R311/112         预约/预借

序号 登录号 条形码 馆藏地/架位号 状态 备注
1 0483922   204839229   密集书库/ [索取号:R311/112] 在馆    
2 0483923   204839238   密集书库/ [索取号:R311/112] 在馆    
3 0483924   204839247   密集书库/ [索取号:R311/112] 在馆    
4 0483925   204839256   密集书库/ [索取号:R311/112] 在馆    
5 0788605   207886055   密集书库/ [索取号:R311/112] 在馆    
唐山师范学院图书馆 欢迎您!
大连网信软件有限公司© 版权所有